Introduction mathématique à la linguistique structurale

Uloženo v:
Podrobná bibliografie
Hlavní autor: Marcus, Solomon (autor)
Médium: Kniha
Jazyk:francouzština
Vydáno: París Dunod 1967
Edice:Monographies de Linguistique Mathématique, 1
Témata:
Tagy: Přidat tag
Žádné tagy, Buďte první, kdo vytvoří štítek k tomuto záznamu!

MARC

LEADER 00000nam a2200000 a 4500
001 UCQ9308
003 CL-VaPUC
008 981230e19670000FR |||||||||||||||||fre|d
082 0 4 |a 401.51  |b MAR  |2 21 
100 |a Marcus, Solomon  |e autor  |9 423839 
245 1 0 |a Introduction mathématique à la linguistique structurale 
300 |a 281 p 
942 |c BK 
945 |d 19981230 00:00:00  |a cmena 
260 |a París  |b Dunod  |c 1967 
650 7 |a LINGUISTICA MATEMATICA  |2 CL-VaPUC  |9 270484 
650 0 |a Lenguaje   |9 265069 
650 0 |a Análisis matemático   |9 260146 
650 0 |a Lógica matemática   |9 262442 
583 |a last modification  |c 19981230 00:00:00  |k Rodrigo Vera 
490 0 |a Monographies de Linguistique Mathématique, 1 
999 |c 278378  |d 278376 
952 |0 0  |1 0  |4 0  |6 401_510000000000000_MAR_1967  |7 0  |8 A  |9 316878  |a BIBMAT  |b BIBMAT  |d 2019-11-20  |i 131159K  |o 401.51 MAR 1967  |p 131159K  |r 2025-01-07  |w 2019-11-20  |y BK  |k MAT